00853nam a2200253Ia 450000500170000000800410001702000230005804000190008104100120010008200230011210000240013524500710015926000410023030000130027144000540028450400360033863000220037465000200039665100290041685000100044594200070045599900170046295201200047920210927125309.0131103s9999 xx 000 0 und d a041536096XcRs 495 aLoreto College aEnglish a320.01(I)bGAN-CHA aChakrabarty, Bidyut aSocial and political thought of Mahatma GandhicBidyut Chakrabarty aLondon and New YorkbRoutledgec2006 axi,234p  aRoutledge Studies in Social and Political Thought aIncludes bibliography and index aPolitical Thought aGandhi, Mahatma aPolitical Thought, India aLCLIB cBK c17710d68189 00102ddc4070aMAINbMAINd2013-11-04l2o320.01(I) GAN-CHA 45828pB18153r2022-11-18s2022-11-14w2013-11-04yBK